Mitch in Honduras: a disaster waiting to happen /

Na minha lista:
Detalhes bibliográficos
Autor principal: Boyer, Jeff
Outros Autores: Pell, Aaron
Formato: Texto
Assuntos:
Tags: Adicionar Tag
Sem tags, seja o primeiro a adicionar uma tag!

MARC

LEADER 00000 a a2200000 04500
001 9928
003
040
100 |a Boyer, Jeff  
245 |a Mitch in Honduras:   |b a disaster waiting to happen /  |c Jeff Boyer 
650 |a DESASTRES NATURALES  
650 |a VICTIMAS  
650 |a DESARROLLO SUSTENTABLE  
650 |a DESARROLLO ECONOMICO Y SOCIAL  
650 |a POBREZA  
650 |a POBLACION  
650 |a COOPERACION INTERNACIONAL  
700 |a Pell, Aaron  
773 |g volumen 33, número 2; páginas 36-41  
999 |c 24250  |d 24250